Drużynowi mistrzowie Polski na żużlu - Statystyki

Ogólne statystyki
  • Ten quiz został rozwiązany 86 razy
  • Średni wynik to 67 z 75
Statystyki odpowiedzi
Hint Odpowiedź % Poprawnych
2023 Motor Lublin
94%
2022 Motor Lublin
94%
2020 Unia Leszno
94%
2019 Unia Leszno
94%
2018 Unia Leszno
94%
2017 Unia Leszno
94%
2015 Unia Leszno
94%
2010 Unia Leszno
94%
2007 Unia Leszno
94%
1989 Unia Leszno
94%
1988 Unia Leszno
94%
1987 Unia Leszno
94%
1980 Unia Leszno
94%
1979 Unia Leszno
94%
1954 Unia Leszno
94%
1953 Unia Leszno
94%
1952 Unia Leszno
94%
1951 Unia Leszno
94%
1950 Unia Leszno
94%
1949 Unia Leszno
94%
2013 Falubaz Zielona Góra
92%
2011 Falubaz Zielona Góra
92%
2009 Falubaz Zielona Góra
92%
1991 Falubaz Zielona Góra
92%
1985 Falubaz Zielona Góra
92%
1982 Falubaz ZIelona Góra
92%
1981 Falubaz Zielona Góra
92%
2002 Polonia Bydgoszcz
90%
2000 Polonia Bydgoszcz
90%
1998 Polonia Bydgoszcz
90%
1997 Polonia Bydgoszcz
90%
1992 Polonia Bydgoszcz
90%
1971 Polonia Bydgoszcz
90%
1955 Polonia Bydgoszcz
90%
1972 ROW Rybnik
90%
1970 ROW Rybnik
90%
1968 ROW Rybnik
90%
1967 ROW Rybnik
90%
1966 ROW Rybnik
90%
1965 ROW Rybnik
90%
1964 ROW Rybnik
90%
1963 ROW Rybnik
90%
1962 ROW Rybnik
90%
1958 ROW Rybnik
90%
1957 ROW Rybnik
90%
1956 ROW Rybnik
90%
2021 Sparta Wrocław
90%
2006 Sparta Wrocław
90%
1995 Sparta Wrocław
90%
1994 Sparta Wrocław
90%
1993 Sparta Wrocław
90%
2008 Apator Toruń
88%
2001 Apator Toruń
88%
1990 Apator Toruń
88%
1986 Apator Toruń
88%
2016 Stal Gorzów
88%
2014 Stal Gorzów
88%
1983 Stal Gorzów
88%
1978 Stal Gorzów
88%
1977 Stal Gorzów
88%
1976 Stal Gorzów
88%
1975 Stal Gorzów
88%
1973 Stal Gorzów
88%
1969 Stal Gorzów
88%
2012 Unia Tarnów
86%
2005 Unia Tarnów
86%
2004 Unia Tarnów
86%
2003 Włókniarz Częstochowa
83%
1996 Włókniarz Częstochowa
83%
1974 Włókniarz Częstochowa
83%
1959 Włókniarz Częstochowa
83%
1961 Stal Rzeszów
71%
1960 Stal Rzeszów
71%
1999 Polonia Piła
69%
1948 PKM Warszawa
36%
Nie znaleziono quizów pasujących do podanych kryteriów
Rozkład punktacji
Procent ludzi z każdym wynikiem
Percentyl według liczby udzielonych odpowiedzi
Twoja historia wyników
Nie rozwiązałeś tego quizu